000
00262nam a2200109Ia 4500
008
230907s9999||||xx |||||||||||||| ||und||
082
_a
306.484
_b
LAN
245
0
_a
Cultural performance :
260
_a
Palgrave,
_b
London :
_c
2017
300
_a
247 p.
942
_c
BK
999
_c
600140
_d
600140